Travis scott- top sons - Statistiques

Statistiques générales
  • Ce quiz a été pris 350 fois
  • Le résultat moyen est 6 sur 15
Statistiques - réponses
Hint Réponse % Correct
1,048,903,673 Fein
87%
2,623,391,338 Goosebumps
87%
2,249,894,071 Sicko mode
87%
1,837,505,790 Highest in the room
64%
1,573,915,783 Butterfly effect
63%
727,654,603 Antidote
48%
780,635,381 Stargazing
38%
757,661,793 Pick up the phone
35%
1,118,917,581 Zeze
24%
821,530,556 THE SCOTTS
22%
780,635,381 Trance
20%
756,822,277 OUT WEST
19%
894,040,727 Fair trade
13%
876,787,310 Love galore
8%
752,944,182 The london
7%
Aucun quiz correspondant
Distribution des résultats
% des personnes avec chaque résultat
Percentile par nombre de réponses
Votre historique - résultats
Vous n’avez pas pris ce quiz